000 00800nam a2200217Ia 4500
005 20150415103918.0
010 _aBAC-CH25
020 _a9780143330974
_c199.00
035 _aG-003135
035 _aB-556689-722
037 _bAakar/Ven
_adpl
082 _a658.421
100 _aBagchi, Subroto
245 _aMBA at 16: A Teenager's Guide to the World of Business /
_cby Subroto Bagchi
260 _aNew Delhi
_bPenguin Books
_c2012
270 _a11, community Centre, Panchsheel Park
_bNew Delhi
_e110017 (India)
300 _a157p.
_c19cm(pbk)
942 _cCH
_2ddc
_mBAG
_h658.421
999 _c85622
_d85622